Meiji haikai shiwa /

Saved in:
நூற்பட்டியல் விவரங்கள்
தலைமை எழுத்தாளர்: Katsumine, Shinpū, 1887-1954.
வடிவம்: புத்தகம்
மொழி:Japanese
வெளியீடப்பட்டது: Tōkyō : Taiseidō, Shōwa 9 [1934]
பகுதிகள்:
குறியீடுகள்: குறிச்சொல் இணை
குறியீடுகள் இல்லை, இந்த குறிச்சொல்லை முதலில் பதிவு செய்யுங்கள்!
LEADER 00837nam a2200241 a 4500
001 007731486-7
005 20024617122053.0
008 970808s1934 ja 000 0 jpn d
035 0 |a ocm37634841 
040 |a NNC-EA  |c NNC-EA  |d *YNH*  |d CStRLIN 
043 |a a-ja--- 
050 1 4 |a PL762.H3  |b K21 
100 1 |6 880-01  |a Katsumine, Shinpū,  |d 1887-1954. 
245 1 0 |6 880-02  |a Meiji haikai shiwa /  |c Katsmine Shinpū cho. 
260 |6 880-03  |a Tōkyō :  |b Taiseidō,  |c Shōwa 9 [1934] 
300 |a 3, 10, 458 p. ;  |c 19 cm. 
650 0 |a Haikai  |x History and criticism. 
650 0 |a Japanese poetry  |y Meiji period, 1868-1912  |x History and criticism. 
880 1 |6 100-01  |a 勝峯晋風,  |d 1887-1954. 
880 1 0 |6 245-02  |a 明治俳諧史話 /  |c 勝峯晋風著. 
880 |6 260-03  |a 東京 :  |b 大誠堂,  |c 昭和 9 [1934] 
988 |a 20021221 
906 |0 OCLC